| 000 | 01009cab a22002295a 4500 | ||
|---|---|---|---|
| 001 | L152784 | ||
| 008 | 110427e20110423xxk 000 0 eng d | ||
| 035 | _a(Sirsi) u152784 | ||
| 041 | 0 | _aeng | |
| 100 | 1 | _aBooty, Nina | |
| 245 | 0 | 0 |
_aFocus _bLondon offices market analysis |
| 260 | _c2011 | ||
| 490 |
_aEstates Gazette _v(1116) 23 April 2011, 57-69(13) |
||
| 520 | _aTake up, supply, availability rates, asking rents, construction and investment trends for various office locations within London including City core, City fringe, Midtown, West End, Docklands and Southbank. Central London Letting Agents League Table and agent share by number of disposals. Explains the criteria, geographical and other factors used in compiling the analysis. | ||
| 520 | _aThe issue that this article is in is missing | ||
| 590 | _aKA | ||
| 651 | 4 | _aLondon | |
| 690 | _aPROPERTY-COMMERCIAL PROPERTY-OFFICE PROPERTY-OFFICE PROPERTY MARKET | ||
| 700 | 1 | _aWhitten, Nick | |
| 700 | 1 | _aThame, David | |
| 942 |
_n0 _2ddc |
||
| 999 |
_c83090 _d83090 |
||